A LO LARGO DEL AMAZONAS (Registro nro. 33378)
[ vista simple ]
| 000 -LEADER | |
|---|---|
| fixed length control field | 00460nam a2200181 a 4500 |
| 001 - CONTROL NUMBER | |
| control field | 33378 |
| 005 - DATE AND TIME OF LATEST TRANSACTION | |
| control field | 20180714001258.0 |
| 008 - FIXED-LENGTH DATA ELEMENTS--GENERAL INFORMATION | |
| fixed length control field | 140415s1966 000 0 spa d |
| 041 ## - LANGUAGE CODE | |
| Language code of text/sound track or separate title | spa |
| 082 ## - DEWEY DECIMAL CLASSIFICATION NUMBER | |
| Classification number | 860 |
| Item number | KIN |
| 100 1# - MAIN ENTRY--PERSONAL NAME | |
| Personal name | KINGSTON, W. H. G. |
| 245 12 - TITLE STATEMENT | |
| Title | A LO LARGO DEL AMAZONAS |
| 260 ## - PUBLICATION, DISTRIBUTION, ETC. | |
| Place of publication, distribution, etc. | [s.l.] : |
| Name of publisher, distributor, etc. | ESPASA-CALPE, |
| Date of publication, distribution, etc. | 1966 |
| 300 ## - PHYSICAL DESCRIPTION | |
| Extent | 265 |
| 490 ## - SERIES STATEMENT | |
| Series statement | AUSTRAL |
| Volume/sequential designation | 375 |
| 650 14 - SUBJECT ADDED ENTRY--TOPICAL TERM | |
| Topical term or geographic name entry element | LITERATURA ESPAOLA |
| 700 1# - ADDED ENTRY--PERSONAL NAME | |
| Personal name | CASAS, F. DE |
| Relator term | tr. |
| Withdrawn status | Lost status | Source of classification or shelving scheme | Damaged status | Not for loan | Collection code | Home library | Current library | Shelving location | Date acquired | Source of acquisition | Inventory number | Total Checkouts | Full call number | Barcode | Date last seen | Price effective from | Koha item type |
|---|---|---|---|---|---|---|---|---|---|---|---|---|---|---|---|---|---|
| Dewey Decimal Classification | General | Biblioteca Karol Wojtyla | Biblioteca Karol Wojtyla | Sala general | 03/12/2013 | Compra | 151000000000000000033140 | 860 KIN | 50906 | 05/01/2026 | 03/12/2013 | Libro |